| 000 | 02518nam a2200217Ia 4500 | ||
|---|---|---|---|
| 001 | 21751 | ||
| 005 | 20260407123118.0 | ||
| 008 | 260320s9999||||xx |||||||||||||| ||und|| | ||
| 041 | _aESP | ||
| 082 |
_aHR 330 JUN 2025 _bCA |
||
| 110 | _aCámara de Comercio e Industria de Arequipa | ||
| 245 | 0 |
_aCámara AQP : _brevista institucional de la Cámara de Comercio e Industria de Arequipa |
|
| 260 |
_aArequipa : _bCámara de Comercio e Industria de Arequipa, _c2025 |
||
| 300 |
_a82 páginas : _c30 cm. |
||
| 505 | _aN° 44 (2025 ) CONTENIDO - Ineficiencia en la ejecución del gasto público en la brecha de la infraestructura en Arequipa y Perú - Ley de contrataciones públicas: modernización y desafíos de implementación - Los registros a cargo de la SUNARP como fuente de información para la toma de decisiones - Arequipa frente a la política comercial de Trump - Consolidar Arequipa como motor empresarial y desarrollo regional - Consejo Directivo 2025-2026 - La importancia de la participación empresarial en la ejecución de obras públicas - ¿Qué acciones exigiría a las autoridades componentes para prevenir que la mosca de la fruta se convierta en una amenaza para la agricultura en Arequipa? - Clínica San Juan de Dios Arequipa 70 años al servicio de la comunidad y su visión de modernización - Arequipa abrirá sus puertas al Perú Travel Mart 2025 - Aeropuerto Alfredo Rodríguez Ballón despega a la modernidad - Power: Historia de familia, visión y persistencia - Juventud y desarrollo, motor estratégico de la competitividad regional - IEI Salinas Huito, primer OXI exitoso en Arequipa - Firma digital: herramienta estratégica para la empresa moderna - Obdulia González Llamoc: de guía turística a líder innovadora con la agencia Mi gran viaje - Alberto Medina Guillén: liderazgo humano y empresarial que impulsa el crecimiento de Dimexa - Inteligencia de negocios: de los datos a la acción - Guardianes del agua: la puesta de ISM por una nueva generación que cuida cada gota - 75 años de la gesta de los 3 días de Junio la Cámara de Comercio de Arequipa y su papel en la protesta de 1950 - Un viaje al corazón de la tradición vitivinícola - La Cámara de Comercio e Industria de Arequipa da la bienvenida a sus nuevos asociados - Institucionales - Nuestros asociados | ||
| 650 | _aCIS | ||
| 653 | _aEconomía - Revista | ||
| 654 | _aCAN | ||
| 856 |
_uhttps://actualidadempresarial.pe/ _zVéase además: Revista Actualidad Empresarial |
||
| 942 |
_cREV _dJUS _fMAT _2ddc |
||
| 999 |
_c21751 _d21751 |
||